The art of lawyer: (Record no. 26791)

MARC details
000 -LEADER
fixed length control field 01042nam a22002655a 4500
005 - DATE AND TIME OF LATEST TRANSACTION
control field 20090525162659.0
008 - FIXED-LENGTH DATA ELEMENTS--GENERAL INFORMATION
fixed length control field 090218s2009 ii 000 0 eng
010 ## - LCCN (DPL NO)
LC control number ENG-93724
020 ## - INTERNATIONAL STANDARD BOOK NUMBER
International Standard Book Number 9788175347274
Terms of availability 1095.00
035 ## - SYSTEM CONTROL NUMBER
System control number EN-77257
037 ## - SOURCE OF ACQUISITION
Source of stock number/acquisition DBAD / PUB
040 ## - CATALOGING SOURCE
Original cataloging agency dpl
Language of cataloging English
082 ## - DEWEY DECIMAL CLASSIFICATION NUMBER
Classification number 347.5407
100 ## - MAIN ENTRY--PERSONAL NAME
Personal name Malik, B.
245 ## - TITLE STATEMENT
Title The art of lawyer:
Remainder of title cross examination, advocacy, courtmanship /
Statement of responsibility, etc by B. Malik; foreword by M. Hidayatullah
250 ## - EDITION STATEMENT
Edition statement 10th ed.
260 ## - PUBLICATION, DISTRIBUTION, ETC. (IMPRINT)
Place of publication, distribution, etc Delhi
Name of publisher, distributor, etc Universal Law Publishing
Date of publication, distribution, etc 2009
270 ## - ADDRESS
Address C-FF-1A, Dilkhush Industrial Estate, (Opp. Hans Cinema, Azadpur) G.T. Karnal Road,
City Delhi
Postal code 110033
300 ## - PHYSICAL DESCRIPTION
Extent xviii, 1070p.
Dimensions 25cm(Hb)
500 ## - GENERAL NOTE
General note Includes index
650 ## - SUBJECT ADDED ENTRY--TOPICAL TERM
Topical term or geographic name as entry element Trial practice
Geographic subdivision India
700 ## - ADDED ENTRY--PERSONAL NAME
Personal name Hidayatullah, M.
942 ## - ADDED ENTRY ELEMENTS (KOHA)
Source of classification or shelving scheme Dewey Decimal Classification
Item type English Books
Call number suffix MAL
Classification part 347.5407
Holdings
Withdrawn status Lost status Source of classification or shelving scheme Damaged status Not for loan Collection code Home library Current library Date acquired Source of acquisition Cost, normal purchase price Total Checkouts Full call number Barcode Date last seen Copy number Cost, replacement price Koha item type
    Dewey Decimal Classification   Not For Loan Non-fiction D.B.Act.Division D.B.Act.Division 25/05/2009 DBAD / PUB 1095.00   347.5407 MAL EN-77257 25/05/2009 1 1095.00 English Books

© Delhi Public Library
Hit Counter
free hit counter